Navrhnutie vhodnej aplikácie typu chatbot určenej pre implementáciu do webového sídla firmy bakalárska práca

Na minha lista:
Detalhes bibliográficos
Autor principal: Gajdoš, Daniel
Autor Corporativo: Fakulta hospodárskej informatiky EU. Katedra aplikovanej informatiky
Outros Autores: Sojka, Pavol, 1978-
Formato: Livro
Idioma:eslovaco
Publicado em: Bratislava 2021
Tags: Adicionar Tag
Sem tags, seja o primeiro a adicionar uma tag!

MARC

LEADER 00000nbm a2200000 4500
001 0276213
005 20220317104928.0
041 0 |a slo 
044 |a SK 
245 1 0 |a Navrhnutie vhodnej aplikácie typu chatbot určenej pre implementáciu do webového sídla firmy  |b bakalárska práca  |c Daniel Gajdoš ; školiteľ: Pavol Sojka 
264 1 |a Bratislava  |c 2021 
300 |a 52 s. 
100 1 |a Gajdoš, Daniel 
700 1 |a Sojka, Pavol, 1978- 
710 2 |a Fakulta hospodárskej informatiky EU. Katedra aplikovanej informatiky